000 00715nam a2200241Ia 4500
003 OSt
005 20220923224331.0
006 a|||||r|||| 00| 0
007 ta
008 Pun
024 _a231,363
037 _cTextual
040 _aARTS
_cARTS
_bPun
041 _2Pun
_aPun
082 _aNR4443w, 153L8
100 _aਆਦਿਲ, ਬਖFੀ ਸਿੰਘ
_9167924
245 0 _aਪੰਜਾਬੀ ਸੰਗੀਤਕਾਰ
260 _aਅੰਮ੍ਰਿਤਸਰ
_b ਨਵੀਨ ਪ੍ਰਕਾFਨ
_c1978
300 _a188ਪੰ
_ccm.
650 _aਵਧੀਆ ਕਲਾ
_9156314
942 _hNR4443w, 153L8
_cTEXL
_2CC
999 _c370747
_d370747